Việt hoa bang giao sử từ thời thượng cổ điển thời đại cận kim

Wedi'i Gadw mewn:
Manylion Llyfryddiaeth
Prif Awdur: Huyền, Quang
Awduron Eraill: Đạt Chí, Xuân Khôi
Fformat: Llyfr
Iaith:Vietnamese
Cyhoeddwyd: Hà Nội Hồng Đức 2015
Rhifyn:tái bản trên bản in năm 1952
Pynciau:
Tagiau: Ychwanegu Tag
Dim Tagiau, Byddwch y cyntaf i dagio'r cofnod hwn!
Thư viện lưu trữ: Trung tâm Học liệu Lê Vũ Hùng, Trường Đại học Đồng Tháp
LEADER 00909pam a22002778a 4500
001 00040480
005 20171205141251.0
008 141029s2013 ||||||viesd
020 # # |c 59000 
041 0 # |a vie 
082 1 4 |a 327.597 051  |b V308H 
100 1 # |a Huyền, Quang 
245 1 0 |b từ thời thượng cổ điển thời đại cận kim  |a Việt hoa bang giao sử  |c Huyền Quang; Xuân Khôi; Đạt Chí 
250 # # |a tái bản trên bản in năm 1952 
260 # # |a Hà Nội  |b Hồng Đức  |c 2015 
300 # # |a 187 tr.  |c 21 cm. 
653 # # |a Lịch sử 
653 # # |a ngoại giao 
653 # # |a bang giao 
653 # # |a Việt Nam 
653 # # |a Trung Quốc 
700 1 # |a Đạt Chí 
700 1 # |a Xuân Khôi 
852 # # |j KD.0022882 
910 |d 05/12/2017 
980 # # |a Trung tâm Học liệu Lê Vũ Hùng, Trường Đại học Đồng Tháp